Respuesta del trigo al riego complementario en la región V sur /
Guardado en:
| Autor Principal: | |
|---|---|
| Autor Corporativo: | |
| Otros Autores: | |
| Formato: | Libro |
| Idioma: | Spanish |
| Publicado: |
Bahía Blanca,
2010.
|
| Etiquetas: |
Agregar Etiqueta
Sin Etiquetas, Sea el primero en etiquetar este registro!
|
| LEADER | 00707nam a22001695a 4500 | ||
|---|---|---|---|
| 001 | EEA.libagro008378 | ||
| 005 | 20170926115253.0 | ||
| 008 | 130809s2010####ag#a##########000#0#spa#d | ||
| 082 | 0 | 4 | |a 633.11 |
| 100 | 1 | |a Gottau, Eduardo Antonio. | |
| 245 | 1 | 0 | |a Respuesta del trigo al riego complementario en la región V sur / |c Eduardo Antonio Gottau. |
| 260 | |a Bahía Blanca, |c 2010. | ||
| 300 | |a 40 h. : |b il. ; |c 30 cm. | ||
| 500 | |a Trabajo de intensificación (Ingeniero Agrónomo) -- Universidad Nacional del Sur. Departamento de Agronomía, 2010. | ||
| 700 | 1 | |a Cantamutto, Miguel A., |e tutor. | |
| 710 | 2 | |a Universidad Nacional del Sur. |b Departamento de Agronomía. | |
| 859 | |a AR-BbBCA |b BIB. AGRONOMIA |h 633.11 |i G686 |p 2010/5791 | ||
